000 00506nam a2200157 i 4500
001 147511
003 ES-MaACL
005 20230906202041.0
007 t|
008 071001s1983 sp ||||1| spa d
245 0 0 _aUnión de artistas de Bochum en Oviedo, del 18 de junio al 10 de julio de 1983.
260 _aOviedo :
_bMuseo de Bellas Artes de Asturias,
_c1983.
300 _a32 h. con Lám. ;
_c21 cm.
710 2 _aMuseo de Bellas Artes de Asturias.
_95843
852 _aES-MaACL
_j2129-F-6
_bR.105531
999 _c147511
_d147511